War Thunder - Italian Ground Vehicles - Statistics

General Stats
  • This quiz has been taken 55 times
  • The average score is 36 of 91
Answer Stats
Rank Type Answer % Correct
I Tank Destroyer L3/33 CC
84%
VII Medium Tank Ariete
61%
VII Medium Tank Ariete (P)
61%
I Medium Tank M14/41
61%
II (Premium) Medium Tank M14/41 (47/40)
61%
I Light Tank AB 41
58%
I Light Tank L6/40
58%
I (Premium) Light Tank L6/40 (31 Rgt.)
58%
I Medium Tank M13/40 (I)
58%
I (Premium) Medium Tank M13/40 (II)
58%
I Medium Tank M13/40 (III)
58%
II Medium Tank P40
55%
II (Premium) Medium Tank P40 "G.C. Leoncello"
55%
II Tank Destroyer 75/34 M42
52%
I Light Tank Csaba
52%
II Medium Tank Turan I
52%
II (Premium) Medium Tank Turan II
52%
I Light Tank AS 42/47
48%
III Tank Destroyer Breda 501
48%
I Light Tank M11/39
48%
IV Medium Tank M26A1
48%
IV (Premium) Medium Tank M26 "D.C.Ariete"
48%
IV (Premium) Heavy Tank Tigris
48%
II Tank Destroyer 105/25 M43
45%
II Tank Destroyer 75/18 M41
45%
II Tank Destroyer 75/32 M41
45%
II Tank Destroyer 75/34 M43
45%
III Tank Destroyer 75/46 M43
45%
II Light Tank AB 43
45%
I Anti-air AS 42
45%
VI Light Tank Centauro
45%
IV Anti-air Leopard 40/70
45%
II Medium Tank M15/42
45%
III Light Tank M24
45%
V Medium Tank OF-40
45%
VI (Premium) Medium Tank OF-40 (MTCA)
45%
III Medium Tank Sherman V
45%
III Medium Tank Turan III
45%
IV Light Tank AUBL/74
42%
V (Premium) Light Tank AUBL/74 HVG
42%
VIII Medium Tank Leopard 2A7HU
42%
IV Light Tank M18
42%
III (Premium) Tank Destroyer Zrinyi I
42%
I Tank Destroyer Lancia 3Ro(100/17)
39%
VII Medium Tank Leopard 2A4
39%
VII Anti-air OTOMATIC
39%
III (Premium) Medium Tank Panzer IV G
39%
III Medium Tank Sherman Ic
39%
III (Premium) Medium Tank Sherman I Composito
39%
VI Medium Tank T-72M1
39%
IV Tank Destroyer 2S1
35%
I Tank Destroyer 47/32 L40
35%
III Tank Destroyer 90/53 M41M
35%
V Light Tank BTR-80A
35%
VII Light Tank Freccia
35%
VI Medium Tank Leopard 1A5
35%
IV Tank Destroyer M36B1
35%
IV Anti-air R3 T20 FA-HS
35%
II Tank Destroyer Zrinyi II
35%
VIII Medium Tank Ariete AMV
32%
II Anti-air CM52
32%
VII Light Tank Dardo
32%
IV Tank Destroyer M109G
32%
VI Tank Destroyer M113A1 (TOW)
32%
V Medium Tank M47 (105/55)
32%
II Medium Tank Panzer III N
32%
V Light Tank R3 T106 FA
32%
IV Medium Tank Sherman Vc
32%
VII Medium Tank Ariete PSO
29%
IV Light Tank FIAT 6614
29%
II Light Tank M3A3
29%
III (Premium) Tank Destroyer M43 "G.C.Leoncello"
29%
III Tank Destroyer StuG III G
29%
V Anti-air ZSU-57-2
29%
III (Premium) Tank Destroyer Breda 90/53
26%
VII (Premium) Light Tank Centauro RGO
26%
V (Premium) Medium Tank M60A1 "D.C.Ariete"
26%
VI Anti-air SIDAM 25
26%
VII Anti-air SIDAM 25 (Mistral)
26%
VI Light Tank VBC (PT2)
26%
V Light Tank C13 T90
23%
II (Premium) Medium Tank Celere Sahariano
23%
VI Medium Tank OF-40 Mk.2A
23%
I (Premium) Light Tank Toldi IIA
23%
VI Light Tank VCC-80/60
23%
III Anti-air M42 Contraereo
19%
VII Light Tank VCC-80/30
19%
VI (Premium) Light Tank VRCC
19%
VI Anti-air ZSU-23-4
16%
VI Light Tank Centauro ROMOR
6%
VII Light Tank Centauro MGS
0%
No matching quizzes found
Score Distribution
Percent of People with Each Score
Percentile by Number Answered
Your Score History
You have not taken this quiz